[Event "Pirgou Sphlios op 2nd"]
[Site "Greece"]
[Date "2007.08.16"]
[Round "2"]
[White "Vlassis, Michalis"]
[Black "Konstantakopoulos, Dimosthenis"]
[Result "1-0"]
[WhiteElo "1950"]
[BlackElo "1510"]
[PlyCount "79"]
[EventDate "2007.08.16"]
[EventType "swiss"]
[EventRounds "7"]
[EventCountry "GRE"]
[SourceTitle "EXT 2008"]
[Source "ChessBase"]
[SourceDate "2007.11.25"]
[SourceVersion "1"]
[SourceVersionDate "2007.11.25"]
[SourceQuality "1"]

1. e4 c6 2. d4 d5 3. e5 c5 4. c3 Nc6 5. Nf3 Bg4 6. Be2 e6 7. Qb3 Qc7 8. Be3 c4 9. Qc2 b5 10. b3 a5 11. a4 Bf5 12. Qc1 Rb8 13. axb5 a4 14. bxc4 Na5 15. Nfd2 Nxc4 16. Nxc4 dxc4 17. Na3 Bd3 18. Bxd3 cxd3 19. c4 f6 20. f4 Qb7 21. 0-0 g5 22. fxg5 fxe5 23. Qd1 Qe4 24. Qh5+ Kd7 25. Qf3 Qxf3 26. gxf3 Ne7 27. dxe5 Nf5 28. Bf2 Kc7 29. Rfd1 Rd8 30. c5 Nd4 31. Nc4 Bxc5 32. Rxa4 Ne2+ 33. Kf1 Nc3 34. Bxc5 Nxd1 35. Bd6+ Kd7 36. Ra7+ Ke8 37. Ra3 Nc3 38. Rxc3 Kf7 39. b6 Kg6 40. b7 1-0

[Event "Pyrgos Spilios Dimitris op 1st"]
[Site "Pyrgos"]
[Date "2006.08.18"]
[Round "1"]
[White "Vazoura, Konstantina"]
[Black "Vlassis, Michalis"]
[Result "0-1"]
[WhiteElo "1105"]
[BlackElo "1955"]
[PlyCount "61"]
[EventDate "2006.08.18"]
[EventType "swiss"]
[EventRounds "6"]
[EventCountry "GRE"]
[SourceTitle "EXT 2024"]
[Source "ChessBase"]
[SourceDate "2023.10.10"]
[SourceVersion "1"]
[SourceVersionDate "2023.10.10"]
[SourceQuality "1"]

1. e4 Nf6 2. Nc3 d6 3. d4 g6 4. Nf3 Bg7 5. Bg5 0-0 6. Be2 c5 7. dxc5 Qa5 8. 0-0 Qxc5 9. Qd2 Nc6 10. Rad1 Be6 11. a3 Rac8 12. h3 a6 13. Rfe1 b5 14. Bf1 Qa7 15. Be3 Qb7 16. b3 Rc7 17. Bf4 Rfc8 18. Re2 Nh5 19. Be3 Ne5 20. Nd5 Bxd5 21. Qxd5 Qxd5 22. exd5 Nxf3+ 23. gxf3 Rxc2 24. Bg5 Rxe2 25. Bxe2 Bf6 26. Bxf6 Nxf6 27. f4 Rc3 28. Kg2 Rxb3 29. a4 bxa4 30. Bxa6 Rc3 31. Rd4 0-1

[Event "Heraklion ESSNA op"]
[Site "Heraklion"]
[Date "1998.??.??"]
[Round "2"]
[White "Vlassis, Michalis"]
[Black "Kalesis, Nikolaos"]
[Result "0-1"]
[WhiteElo "1800"]
[BlackElo "2420"]
[PlyCount "78"]
[EventDate "1998.??.??"]
[EventType "swiss"]
[EventRounds "9"]
[EventCountry "GRE"]
[SourceTitle "EXT 2004"]
[Source "ChessBase"]
[SourceDate "2003.11.25"]
[SourceVersion "1"]
[SourceVersionDate "2003.11.25"]
[SourceQuality "1"]

1. e4 c5 2. Nf3 d6 3. Bb5+ Bd7 4. Bxd7+ Qxd7 5. d4 cxd4 6. Nxd4 Nf6 7. Nc3 e6 8. 0-0 a6 9. f4 Nc6 10. Be3 Be7 11. f5 0-0 12. g4 Nxd4 13. Bxd4 h6 14. Be3 b5 15. e5 dxe5 16. Qxd7 Nxd7 17. fxe6 fxe6 18. Rxf8+ Rxf8 19. Ne4 Rc8 20. Rd1 Nf8 21. c3 Rc4 22. Nf2 Kf7 23. Kg2 Ke8 24. Bd2 Nd7 25. b3 Rc6 26. Re1 Bh4 27. Re2 Bxf2 28. Kxf2 Ke7 29. c4 bxc4 30. Bb4+ Ke8 31. bxc4 Rxc4 32. Bd6 Rxg4 33. Bxe5 Ke7 34. Bc3 g5 35. Bg7 Rh4 36. Kg3 Nf6 37. Bxf6+ Kxf6 38. Rb2 Ra4 39. Kf3 h5 0-1